| 000 | 01206cam a22003257a 4500 | ||
|---|---|---|---|
| 003 | CHAP | ||
| 005 | 20220817042414.0 | ||
| 008 | 971013s1919 r 00010 d | ||
| 010 | _a43723 | ||
| 011 | _a44695 | ||
| 035 | _a48833 | ||
| 040 | _cCHAP | ||
| 082 |
_a061.05 _bF85p |
||
| 110 | _aFundación Rockefeller. | ||
| 245 | 1 | 4 |
_aThe president's review from the Rockefeller Foundation _b: annual report, 19 -19 . |
| 260 |
_aNew York : _bLa Fundación, _c19 -1974. |
||
| 300 | _av. | ||
| 500 | _aContinúa como: Annual Report | ||
| 500 | _aLa biblioteca tiene : 1969, 1970, 1971, 1973, 1974 | ||
| 590 |
_aBATCH-UPD _b10 _c20130110 _lUCH01 _h2232 |
||
| 590 |
_aCONVERSION _b10 _c20130109 _lUCH01 _h1324 |
||
| 650 | 1 | 4 |
_aSociedades _xAnuarios. _9108115 |
| 901 | _aBK | ||
| 942 | _cLIBRO | ||
| 949 |
_a061.05 F85p _bBC _cLIBRO _d33724000304093 _eLIBRO _f1969 _i48833 _si |
||
| 949 |
_a061.05 F85p _bBC _cLIBRO _d33724000304101 _eLIBRO _f1970 _h15683 _i48833 _si |
||
| 949 |
_a061.05 F85p _bBC _cLIBRO _d33724000304119 _eLIBRO _f1971 _h31910 _i48833 _si |
||
| 949 |
_a061.05 F85p _bBC _cLIBRO _d33724000304127 _eLIBRO _f1973 _h38386 _i48833 _si |
||
| 949 |
_a061.05 F85p _bBC _cLIBRO _d33724000304168 _eLIBRO _f1974 _h38454 _i48833 _si |
||
| 999 |
_c43723 _d43723 |
||